Statistics for Characters on 'Game of Thrones' (Season 1)

Click here to take the quiz!

General Stats

  • This quiz has been taken 3,944 times
  • The average score is 28 of 52

Answer Stats

Answer% Correct
Eddard Stark
97%
Arya Stark
95%
Jaime Lannister
94%
Sansa Stark
94%
Jon Snow
93%
Tyrion Lannister
92%
Cersei Lannister
91%
Robb Stark
90%
Robert Baratheon
90%
Bran Stark
89%
Catelyn Stark
85%
Joffrey Baratheon
85%
Daenerys Targaryen
80%
Rickon Stark
80%
Petyr Baelish
79%
Tywin Lannister
77%
Khal Drogo
75%
Varys
71%
Theon Greyjoy
69%
Ser Jorah Mormont
68%
Sandor Clegane
64%
Viserys Targaryen
64%
Tommen Baratheon
60%
Gregor Clegane
58%
Samwell Tarly
58%
Renly Baratheon
55%
Myrcella Baratheon
54%
Lysa Tully
53%
Grand Maester Pycelle
49%
Hodor
45%
Maester Luwin
41%
Bronn
40%
Loras Tyrell
40%
Benjen Stark
37%
Jon Arryn
36%
Jeor Mormont
32%
Gendry
31%
Barristan Selmy
27%
Maester Aemon
27%
Osha
27%
Shae
27%
Ros
24%
Ilyn Payne
20%
Syrio Forel
19%
Lancel Lannister
18%
Rodrik Cassel
17%
Janos Slynt
15%
Septa Mordane
13%
Irri
12%
Yoren
12%
Doreah
11%
Shagga
5%

Score Distribution

Percentile by Number Answered

Percent of People with Each Score

Your Score History

You have not taken this quiz